| 000 | 00717cab a22002175a 4500 | ||
|---|---|---|---|
| 001 | ##E134985 | ||
| 008 | 060726e20060908xxk 000 0 eng d | ||
| 035 | _a(Sirsi) u134985 | ||
| 041 | 0 | _aeng | |
| 100 | 1 | _aSellar, Michael | |
| 245 | 0 | 0 | _aWhat is work at height? |
| 260 | _c2006 | ||
| 490 | 0 |
_aScots Law Times _v(28) 8 September 2006, 181-184(4) |
|
| 520 | _aDiscusses the confusion surrounding the defintion of work at height since the Work at Height Regulations 2005 came into force on 6 April 2005. Case law. | ||
| 590 | _aIKA190906 | ||
| 650 | 2 | 4 | _aWORK AT HEIGHT REGULATIONS 2005 |
| 650 | 2 | 4 | _aDIRECTIVE 2001/45/EC |
| 651 | 4 |
_aGreat Britain _y1707- |
|
| 690 |
_aHealth and safety _96244 |
||
| 942 | _n0 | ||
| 999 |
_c77738 _d77738 |
||